000 00653nam a2200229 a 4500
001 BRCA_7036
005 20190320205702.0
008 291111d1961----nyua######---#000-0#eng-#
041 _aeng
044 _anyu
050 4 _aSB403
_b.F57 1961
245 1 0 _aFirst Aid for the Grower.
260 _aNueva York
_bA. T. De La Mare Co.
_c1961
300 _a2 v.
_bil.
_c23 cm.
500 _aLa biblioteca tiene solamente el No.5 y el No.6
500 _aBoletines inventariados por Banco de México como libros
500 _aI181
650 1 4 _aFloricultura
_vPublicación periódica
_917487
650 1 4 _aFlores
_917488
902 _aGFM
942 _2lcc
_cB
999 _c6717
_d6717